000 00746nac a22002417a 4500
001 BR9208463
003 BR-BrBNA
005 20240105121249.0
008 230509b bl.|||m| |||| 00| 0 por d
040 _aBR-BrBNA
_bpor
_cBiblioteca Nacional de Agricultura
072 _aF70
090 _aF70 BR9208463
100 1 _aCabrera, A.L.
110 1 _aMuseu Botanico Municipal, Curitiba, PR (Brasil)
_97640
245 1 _aUna nueva especie de Onoseris (Compositae)de Brasil
260 3 _aCuritiba, PR (Brasil):
_c1975.
300 _a3 p.
490 _aBoletim do Museu Botanico Municipal (Brazil)
_vno. 19
_x
650 _aCOMPOSITAE
650 _aTAXONOMIA VEGETAL
909 _a202312
_bLúcia Elande
_c55
_dLúcia Elande
942 _2AGRIS
_n0
_cMS
999 _c284279
_d284279